[Event "SportAccord Blitz Women 2012"]
[Site "Beijing CHN"]
[Date "2012.12.16"]
[Round "4.8"]
[White "Paehtz, Elisabeth"]
[Black "Harika, Dronavalli"]
[Result "1-0"]
[WhiteTitle "IM"]
[BlackTitle "GM"]
[WhiteElo "2482"]
[BlackElo "2512"]
[WhiteFideId "4641833"]
[BlackFideId "5015197"]
[EventDate "2012.12.16"]

1. e4 e5 2. Nf3 Nc6 3. Bc4 Bc5 4. c3 Nf6 5. d3 O-O 6. Bg5 h6 7. Bh4 Be7 8. Bb3
d6 9. Nbd2 Kh8 10. h3 Nh7 11. Bxe7 Nxe7 12. d4 Ng6 13. Qc2 a5 14. O-O-O Qe7 15.
Kb1 b5 16. Qd3 Ba6 17. Qe3 Rab8 18. h4 a4 19. Bc2 b4 20. g3 bxc3 21. Qxc3 exd4
22. Nxd4 Ne5 23. f4 Ng4 24. Nc6 Qd7 25. Nxb8 Rxb8 26. Rhe1 Qb5 27. Ka1 Nf2 28.
Rb1 c5 29. e5 d5 30. e6 d4 31. Qf3 d3 32. Bxa4 Qxa4 33. Qxf2 fxe6 34. Qxc5 Ra8
35. a3 Rc8 36. Qd6 Nf8 37. Rec1 Ra8 38. Rc7 Bb5 39. Rbc1 Bd7 40. Qxd3 Rb8 41.
Qc3 Qb5 42. Rc5 Qe2 43. Qe5 Qxd2 44. Qxb8 Kg8 45. Qe5 Qd3 46. Qc3 Qe2 47. Rc7
Qb5 48. Rd1 Qa4 49. Rd4 Qb5 50. Qc4 Qb6 51. Rcxd7 Nxd7 52. Rxd7 Kh7 53. Ka2 Qe3
54. Qd4 1-0

[Event "SportAccord Blitz Women 2012"]
[Site "Beijing CHN"]
[Date "2012.12.16"]
[Round "5.1"]
[White "Harika, Dronavalli"]
[Black "Zhao, Xue"]
[Result "1/2-1/2"]
[WhiteTitle "GM"]
[BlackTitle "GM"]
[WhiteElo "2512"]
[BlackElo "2565"]
[WhiteFideId "5015197"]
[BlackFideId "8601283"]
[EventDate "2012.12.16"]

1. Nf3 Nf6 2. c4 c5 3. Nc3 b6 4. g3 Bb7 5. Bg2 e6 6. O-O d6 7. d4 cxd4 8. Qxd4
a6 9. Bg5 Nbd7 10. Rfd1 Qc7 11. Rac1 Be7 12. Na4 Bc6 13. Nc3 Bb7 14. Na4 Rb8 15.
b4 O-O 16. Bxf6 Nxf6 17. c5 bxc5 18. bxc5 d5 19. Ne5 Bc6 20. Nxc6 Qxc6 21. Nb6
Bxc5 22. Nxd5 exd5 23. Rxc5 Qe6 24. e3 Rfd8 25. Bxd5 Qh3 26. Qh4 Qxh4 27. gxh4
Kf8 28. Rd4 Nxd5 29. Rcxd5 Rxd5 30. Rxd5 Ke7 31. Ra5 Rb6 32. h5 h6 33. Kg2 Kd7
34. f4 Kc7 35. Kf3 Rd6 36. h3 Kb6 37. Ra3 Rd2 38. e4 Kb7 39. e5 Rc2 40. Ke4 Re2+
41. Kf3 Re1 42. Re3 Ra1 43. f5 Kc7 44. a3 Kd7 45. Ke4 Rf1 46. Rb3 Re1+ 47. Kd4
Kc6 48. Rc3+ Kd7 49. Rg3 Rf1 50. e6+ fxe6 51. Rxg7+ Kd6 52. fxe6 Rf4+ 53. Ke3
Rh4 54. e7 Rxh3+ 55. Kf4 Kd7 56. Kf5 Rxa3 57. Kf6 Rf3+ 58. Kg6 a5 59. Kxh6 a4
60. Kh7 a3 61. h6 a2 62. Rg1 Kxe7 63. Ra1 Rf2 64. Kg6 Rg2+ 65. Kh7 Kf7 66. Rf1+
Ke7 67. Ra1 Kf6 68. Kh8 Ke6 69. h7 Kf7 70. Rf1+ Ke7 71. Re1+ Kf6 72. Rf1+ Ke7 1/2-1/2

[Event "SportAccord Blitz Women 2012"]
[Site "Beijing CHN"]
[Date "2012.12.16"]
[Round "5.2"]
[White "Cramling, Pia"]
[Black "Paehtz, Elisabeth"]
[Result "1-0"]
[WhiteTitle "GM"]
[BlackTitle "IM"]
[WhiteElo "2516"]
[BlackElo "2482"]
[WhiteFideId "1700030"]
[BlackFideId "4641833"]
[EventDate "2012.12.16"]

1. d4 g6 2. e4 Bg7 3. c4 d6 4. Nc3 Nf6 5. h3 O-O 6. Nf3 c6 7. Be3 e5 8. d5 Na6
9. Be2 Nc5 10. Nd2 a5 11. Rb1 Nfd7 12. g4 Nb6 13. Nb3 Nxb3 14. Qxb3 Nd7 15. Qc2
Nc5 16. Rg1 Qh4 17. Rg3 Bh6 18. g5 Bg7 19. Rd1 Na6 20. dxc6 Nb4 21. Qc1 Nxc6 22.
Rxd6 Nd4 23. Kd2 Be6 24. Bd3 Rad8 25. Rxd8 Rxd8 26. Nd5 Bf8 27. Qh1 b5 28. cxb5
Bxd5 29. exd5 Rc8 30. Qe4 Bb4+ 31. Kd1 Qxe4 32. Bxe4 Nxb5 33. Bd3 Nd6 34. a3 Bc5
35. Bd2 e4 36. Ba6 Ra8 37. Be2 Bxf2 38. Rg4 Bd4 39. Bf4 Nb7 40. Bc7 Re8 41. d6
Nc5 42. Bb5 Ra8 43. a4 Bxb2 44. Bb6 Ba3 45. d7 Nxd7 46. Bxd7 Bb4 47. Rxe4 Rb8
48. Bd4 Rd8 49. Re8+ Rxe8 50. Bxe8 Kf8 51. Bb5 Ke7 52. Bf6+ Kf8 53. Bc4 Bc5 54.
Ke2 Bd6 55. Kd3 Bf4 56. Ke4 Bd2 57. Kd5 h6 1-0

[Event "SportAccord Blitz Women 2012"]
[Site "Beijing CHN"]
[Date "2012.12.16"]
[Round "5.3"]
[White "Lahno, Kateryna"]
[Black "Koneru, Humpy"]
[Result "1/2-1/2"]
[WhiteTitle "GM"]
[BlackTitle "GM"]
[WhiteElo "2553"]
[BlackElo "2610"]
[WhiteFideId "14109336"]
[BlackFideId "5008123"]
[EventDate "2012.12.16"]

1. e4 c5 2. Nf3 e6 3. d4 cxd4 4. Nxd4 a6 5. Bd3 Bc5 6. Nb3 Be7 7. O-O d6 8. Qg4
g6 9. Qe2 Nc6 10. c4 b6 11. Nc3 Bb7 12. Rd1 Qc7 13. Kh1 Ne5 14. Be3 Nf6 15. Bh6
Bf8 16. Bxf8 Kxf8 17. f4 Ned7 18. f5 Kg7 19. fxe6 fxe6 20. Nd4 Rae8 21. Rf1 Rhf8
22. b3 b5 23. Rac1 b4 24. Na4 Bc6 25. Nxc6 Qxc6 26. Rcd1 Ne5 27. Bc2 Nfd7 28.
Qd2 Rxf1+ 29. Rxf1 a5 30. h3 Rf8 31. Rxf8 Nxf8 32. Qd4 Nd7 33. Qa7 h5 34. Qxa5
Qb7 35. Qd8 Kf7 36. Qh8 Nf6 37. Qd8 Nfd7 38. Qa5 Nf6 39. Qd8 Nxe4 40. Bxe4 Qxe4
41. Qxd6 Qf4 42. Qc7+ Kf6 43. Qd8+ Kg7 44. Qe7+ Kh6 45. Qxe6 Qf1+ 46. Kh2 Qf4+
47. Kg1 Qe3+ 48. Kh1 Qc1+ 49. Kh2 Qf4+ 50. Kh1 Qf1+ 51. Kh2 Qf4+ 52. Kh1 Qf1+ 1/2-1/2

[Event "SportAccord Blitz Women 2012"]
[Site "Beijing CHN"]
[Date "2012.12.16"]
[Round "5.6"]
[White "Khotenashvili, Bela"]
[Black "Cmilyte, Viktorija"]
[Result "0-1"]
[WhiteTitle "IM"]
[BlackTitle "GM"]
[WhiteElo "2504"]
[BlackElo "2524"]
[WhiteFideId "13602640"]
[BlackFideId "12801259"]
[EventDate "2012.12.16"]

1. d4 Nf6 2. c4 g6 3. Nf3 Bg7 4. Nc3 d5 5. Bg5 Ne4 6. cxd5 Nxg5 7. Nxg5 e6 8.
Qd2 exd5 9. Qe3+ Kf8 10. Qf4 Qd7 11. h4 h6 12. Nf3 c6 13. e3 Kg8 14. Bd3 Qg4 15.
O-O-O Qxf4 16. exf4 Bg4 17. Be2 Nd7 18. Ne5 Bxe2 19. Nxe2 Nf6 20. f3 h5 21. Nc3
Bh6 22. g3 Kg7 23. Rde1 Rhe8 24. Kd2 Re7 25. Kd3 Rae8 26. Na4 Nd7 27. Rc1 Nb6
28. Nc5 f6 29. Rc2 fxe5 30. fxe5 Kh7 31. f4 Bg7 32. b3 Bf8 33. a4 Rg7 34. a5
Bxc5 35. Rxc5 Nd7 36. Rc2 Nf8 37. b4 a6 38. Rhc1 Ne6 39. Rf1 Rf7 40. Rg1 Ref8
41. Rcg2 Ng7 42. Kc3 Nf5 43. Kd3 Re7 44. Rh1 Nh6 45. Rc1 Kg7 46. Rcc2 Kf7 47.
Rcf2 Ke6 48. Rc2 Kf5 49. Ke3 Rb8 50. Kf3 Rc7 51. Rb2 b6 52. axb6 Rxb6 53. Rgc2
Rcb7 54. Rc3 Ng4 55. Rc5 Rxb4 56. Rxb4 Rxb4 57. Rxc6 Rxd4 58. Rxa6 Rd3+ 59. Kg2
Rd2+ 60. Kg1 d4 61. e6 Re2 62. Rd6 Ke4 63. e7 Kf3 64. Kf1 Nh2+ 65. Kg1 Kxg3 66.
Rxg6+ Ng4 67. Kf1 Rxe7 68. Rd6 Nh2+ 0-1

[Event "SportAccord Blitz Women 2012"]
[Site "Beijing CHN"]
[Date "2012.12.16"]
[Round "5.7"]
[White "Zatonskih, Anna"]
[Black "Danielian, Elina"]
[Result "0-1"]
[WhiteTitle "IM"]
[BlackTitle "GM"]
[WhiteElo "2489"]
[BlackElo "2476"]
[WhiteFideId "14101572"]
[BlackFideId "13300210"]
[EventDate "2012.12.16"]

1. e4 c6 2. d4 d5 3. exd5 cxd5 4. c3 Nf6 5. Bd3 Nc6 6. Bf4 Bg4 7. Qb3 Qc8 8. Nd2
e6 9. Ngf3 Be7 10. O-O Bh5 11. Rfe1 Bg6 12. Bf1 O-O 13. Nh4 a6 14. Nxg6 hxg6 15.
a4 Qd7 16. a5 Bd8 17. Qc2 Bxa5 18. Nf3 Bc7 19. Ne5 Nxe5 20. dxe5 Nh7 21. Bg3
Rac8 22. Qd2 Bb6 23. Bd3 Rfd8 24. Rad1 Nf8 25. h4 Qa4 26. Bc2 Qg4 27. Kh2 d4 28.
f3 Qh5 29. Qe2 dxc3 30. bxc3 Rxd1 31. Rxd1 Rxc3 32. Be4 Bc7 33. Bxb7 Rc5 34. Re1
g5 35. Qb2 gxh4 36. Bf4 Qf5 37. Qd4 Rb5 38. Bxa6 Rd5 39. Qe4 Qxe4 40. Rxe4 Ng6
41. Bc4 Nxf4 42. Bxd5 exd5 43. Rb4 Bxe5 44. Rb5 f6 45. Kg1 Kf7 46. Kf2 g5 47.
Ra5 Kg6 48. Ra2 Kf5 49. Ke3 d4+ 50. Kf2 Nd3+ 51. Ke2 Nb4 52. Ra4 Nd5 53. Kf2 d3
54. Ra2 Bd4+ 55. Ke1 Nf4 56. Kd2 Be5 57. Ke3 Bc7 58. Rb2 Bd6 59. Rb5+ Kg6 60.
Rb2 Bc5+ 61. Ke4 Ba3 62. Ra2 Bc5 63. Rb2 Ba3 64. Ra2 Bb4 65. Ra1 d2 66. Rd1 Nxg2
67. Kd3 Ne1+ 68. Kc4 Ba5 69. Kb5 Bc7 70. Rxd2 Nxf3 71. Rd7 Be5 72. Kc4 h3 73.
Rd1 h2 74. Rh1 Kf5 75. Kd3 Kg4 76. Ke2 Kg3 77. Kf1 g4 78. Ke2 Kg2 0-1

[Event "SportAccord Blitz Women 2012"]
[Site "Beijing CHN"]
[Date "2012.12.16"]
[Round "6.2"]
[White "Danielian, Elina"]
[Black "Hou, Yifan"]
[Result "0-1"]
[WhiteTitle "GM"]
[BlackTitle "GM"]
[WhiteElo "2476"]
[BlackElo "2606"]
[WhiteFideId "13300210"]
[BlackFideId "8602980"]
[EventDate "2012.12.16"]

1. Nf3 c5 2. e3 d6 3. d4 Nd7 4. c4 g6 5. g3 b6 6. Bg2 Bb7 7. O-O Bg7 8. Nc3 Ngf6
9. d5 O-O 10. e4 a6 11. a4 Qc7 12. h3 e6 13. Re1 Rfe8 14. dxe6 fxe6 15. e5 dxe5
16. Ng5 Bxg2 17. Kxg2 Nb8 18. a5 bxa5 19. Be3 Nc6 20. Bxc5 Rad8 21. Qa4 Nd4 22.
Qxa5 Qb7+ 23. Nge4 Nxe4 24. Nxe4 Nc2 25. Rad1 0-1

[Event "SportAccord Blitz Women 2012"]
[Site "Beijing CHN"]
[Date "2012.12.16"]
[Round "6.3"]
[White "Cmilyte, Viktorija"]
[Black "Zatonskih, Anna"]
[Result "0-1"]
[WhiteTitle "GM"]
[BlackTitle "IM"]
[WhiteElo "2524"]
[BlackElo "2489"]
[WhiteFideId "12801259"]
[BlackFideId "14101572"]
[EventDate "2012.12.16"]

1. c4 e6 2. Nc3 d5 3. d4 Be7 4. Nf3 Nf6 5. Bg5 O-O 6. e3 h6 7. Bh4 Ne4 8. Bxe7
Qxe7 9. Rc1 c6 10. g4 Nd7 11. Rg1 Nxc3 12. Rxc3 g6 13. h4 dxc4 14. Bxc4 e5 15.
h5 g5 16. Qc2 Kg7 17. Kd1 exd4 18. Nxd4 Nf6 19. Be2 Ne4 20. Bd3 Nxc3+ 21. Qxc3
Qf6 22. Kc1 Be6 23. Kb1 Rac8 24. Bf5 c5 25. Nxe6+ fxe6 26. Bxe6 Qxc3 27. bxc3
Rcd8 28. Bf5 Rd2 29. f3 Rfd8 30. Rc1 Rd1 31. f4 Kf6 32. fxg5+ Kxg5 33. Rxd1
Rxd1+ 34. Kc2 Ra1 35. Kb3 b5 36. Bd7 a6 37. e4 Kf4 38. Bf5 a5 39. Kb2 Re1 40. a3
Re2+ 41. Kb1 Rh2 42. Bd7 b4 43. cxb4 cxb4 44. axb4 axb4 45. Bf5 Ke5 46. Kc1 Kd4
47. Bg6 b3 48. Kd1 b2 49. e5 Kxe5 50. Bh7 Kf4 51. Bf5 Ke3 52. Bg6 Kd4 53. Bf5
Kc3 54. Bg6 Rg2 55. Bf5 Rxg4 0-1

[Event "SportAccord Blitz Women 2012"]
[Site "Beijing CHN"]
[Date "2012.12.16"]
[Round "6.4"]
[White "Muzychuk, Anna"]
[Black "Khotenashvili, Bela"]
[Result "1-0"]
[WhiteTitle "GM"]
[BlackTitle "IM"]
[WhiteElo "2586"]
[BlackElo "2504"]
[WhiteFideId "14111330"]
[BlackFideId "13602640"]
[EventDate "2012.12.16"]

1. f4 d5 2. Nf3 c5 3. g3 Nc6 4. Bg2 Nf6 5. O-O g6 6. d3 Bg7 7. Qe1 O-O 8. e4
dxe4 9. dxe4 e5 10. Nc3 Be6 11. f5 Bc4 12. Rf2 Ng4 13. Rd2 Nd4 14. h3 Nh6 15. g4
f6 16. Nd1 Nf7 17. c3 Nxf3+ 18. Bxf3 Qc7 19. Ne3 Ba6 20. Nd5 Qa5 21. Bg2 g5 22.
h4 Rfe8 23. Rd1 Rad8 24. hxg5 Nxg5 25. Bxg5 fxg5 26. Qe3 h6 27. Rd2 Bc4 28. b3
Bxd5 29. exd5 Bf6 30. Be4 Qc7 31. Kg2 Rd6 32. Rh1 Bg7 33. c4 Rf8 34. a3 a5 35.
b4 axb4 36. axb4 b6 37. bxc5 bxc5 38. Rb1 Ra6 39. d6 Rxd6 40. Rb7 Qd8 41. Bd5+
Kh8 42. Ra2 Rd7 43. Rxd7 Qxd7 44. Qxc5 Qd8 45. Ra7 Qb8 46. Rb7 Qa8 47. Qe7 Qa2+
48. Kg3 Rf7 49. Bxf7 Qd2 50. Qe8+ 1-0

[Event "SportAccord Blitz Women 2012"]
[Site "Beijing CHN"]
[Date "2012.12.16"]
[Round "6.8"]
[White "Harika, Dronavalli"]
[Black "Cramling, Pia"]
[Result "1-0"]
[WhiteTitle "GM"]
[BlackTitle "GM"]
[WhiteElo "2512"]
[BlackElo "2516"]
[WhiteFideId "5015197"]
[BlackFideId "1700030"]
[EventDate "2012.12.16"]

1. d4 d5 2. c4 e6 3. Nc3 c5 4. cxd5 cxd4 5. Qxd4 Nc6 6. Qa4 exd5 7. Nf3 d4 8.
Nb5 Bb4+ 9. Bd2 Bxd2+ 10. Nxd2 Nge7 11. g3 O-O 12. Bg2 a6 13. Na3 Bg4 14. h3 Bh5
15. g4 Bg6 16. O-O Nd5 17. Nf3 Nf4 18. Rfe1 Nxg2 19. Kxg2 Be4 20. Nb1 h5 21. Nd2
Bd5 22. Qc2 hxg4 23. hxg4 g6 24. e4 dxe3 25. fxe3 Qh4 26. Qa4 Ne5 27. Rh1 Qxg4+
28. Qxg4 Nxg4 29. e4 Bc6 30. Kg3 Nf6 31. e5 Nh5+ 32. Kf2 Rfe8 33. Rh4 Rad8 34.
Rg1 Kf8 35. Ke3 Rd5 36. Ne4 Rb5 37. Rxh5 gxh5 38. Nf6 Rbxe5+ 39. Nxe5 Rxe5+ 40.
Kf4 Rb5 41. b3 Rc5 42. Rg5 Rc2 43. Ke5 Rxa2 44. Rxh5 Re2+ 45. Kf4 Rb2 46. Rh3
Ke7 47. Ng8+ Kf8 48. Nf6 Rf2+ 49. Ke5 Rf1 50. Rh8+ Ke7 51. Ng8+ Kd7 52. Nf6+ Kc7
53. Rf8 Kb6 54. Rxf7 Ka7 55. Rh7 Rf3 56. b4 Re3+ 57. Kd6 Rd3+ 58. Kc5 Rc3+ 59.
Kd4 Rf3 60. Nd7 Rf4+ 61. Kc3 Bb5 62. Nc5 Bc6 63. Ne6 Re4 64. Nd4 Bd5 65. Rd7 Ba2
66. Nc6+ Kb6 67. Na5 Re3+ 68. Kb2 Re2+ 69. Kc3 Ka7 70. Rxb7+ Ka8 71. Rg7 Re4 72.
Rh7 Rf4 73. Re7 Rg4 74. Re5 Kb8 75. Re7 Ka8 76. Kb2 Bc4 77. Nc6 1-0

[Event "SportAccord Blitz Women 2012"]
[Site "Beijing CHN"]
[Date "2012.12.16"]
[Round "7.2"]
[White "Lahno, Kateryna"]
[Black "Harika, Dronavalli"]
[Result "1-0"]
[WhiteTitle "GM"]
[BlackTitle "GM"]
[WhiteElo "2553"]
[BlackElo "2512"]
[WhiteFideId "14109336"]
[BlackFideId "5015197"]
[EventDate "2012.12.16"]

1. e4 e5 2. Nf3 Nc6 3. Bb5 Nge7 4. O-O g6 5. c3 a6 6. Ba4 Bg7 7. d4 exd4 8. cxd4
b5 9. Bc2 O-O 10. d5 Na5 11. Nbd2 d6 12. Rb1 c6 13. b4 Nc4 14. Nxc4 bxc4 15. Bg5
Bb7 16. dxc6 Bxc6 17. Qd2 c3 18. Qf4 Ra7 19. Rfd1 Rd7 20. Qh4 f6 21. Be3 g5 22.
Qh3 Ng6 23. Nd4 Qc8 24. Rbc1 Rc7 25. Bb3+ Kh8 26. Rxc3 g4 27. Qh5 Bxe4 28. Rxc7
Qxc7 29. Ne6 Qd7 30. Nxf8 Bxf8 31. Bd5 Bxd5 32. Qxd5 f5 33. Bd4+ Bg7 34. Qa8+ 1-0

[Event "SportAccord Blitz Women 2012"]
[Site "Beijing CHN"]
[Date "2012.12.16"]
[Round "7.5"]
[White "Khotenashvili, Bela"]
[Black "Socko, Monika"]
[Result "0-1"]
[WhiteTitle "IM"]
[BlackTitle "GM"]
[WhiteElo "2504"]
[BlackElo "2445"]
[WhiteFideId "13602640"]
[BlackFideId "1106619"]
[EventDate "2012.12.16"]

1. d4 Nf6 2. Nf3 e6 3. e3 b6 4. Bd3 Bb7 5. b3 Be7 6. Bb2 O-O 7. Nbd2 c5 8. Qe2
d6 9. g4 Nbd7 10. g5 Nd5 11. a3 cxd4 12. Bxd4 e5 13. Bb2 Nc5 14. Bf5 Bxg5 15.
Rg1 Bf6 16. h4 Ne7 17. Bh3 Ne4 18. h5 h6 19. Nh2 Nxd2 20. Qxd2 Bc8 21. Ng4 Bxg4
22. Rxg4 d5 23. O-O-O Qd6 24. Rdg1 Rfd8 25. f4 Nc6 26. Bf1 d4 27. e4 exf4 28.
Kb1 Be5 29. Bc4 a6 30. Qg2 Qf6 31. Bc1 d3 32. Bxd3 f3 33. Qh3 f2 34. Rf1 Nd4 35.
Rg2 Qe7 36. Rgxf2 f6 37. Rg2 Kh8 38. Qg4 Ne6 39. Bc4 Ng5 40. Bd5 Rac8 41. Qf5
Qc7 42. Bb2 Bxb2 43. Kxb2 Qc3+ 44. Kb1 Rc5 45. Qg4 Ra5 46. Ka2 Qc5 47. a4 b5 48.
Qe2 bxa4 49. b4 Qxb4 50. Qc4 Qd6 51. Rb1 Rc5 52. Qd3 Nxe4 53. Qxe4 Qxd5+ 54.
Qxd5 Rcxd5 55. Rb7 Rg5 56. Re2 Rxh5 57. Ree7 Rg5 58. Ra7 Rd6 59. Ka3 h5 60. Kxa4
h4 61. Re3 Kh7 62. Re4 Rh5 63. Rg4 Rg5 64. Rxh4+ Kg6 65. Re4 f5 66. Ree7 Kf6 67.
Rf7+ Ke5 68. Rae7+ Re6 69. Rd7 f4 70. c4 Rf5 71. Rxg7 f3 72. Rg1 f2 73. Rf1 Ke4
74. Rd2 Ke3 75. Rb2 Rd6 76. Rbb1 Ke2 77. Rbc1 Rd4 78. Kb4 a5+ 79. Ka4 Rd2 80. c5
Ra2+ 81. Kb5 a4 82. Kb4 Rb2+ 83. Kxa4 Rf8 84. Ka3 Rb7 85. Rxf2+ Kxf2 86. Rc4 Ke3
87. c6 Rc7 0-1

[Event "SportAccord Blitz Women 2012"]
[Site "Beijing CHN"]
[Date "2012.12.16"]
[Round "7.6"]
[White "Zatonskih, Anna"]
[Black "Muzychuk, Anna"]
[Result "0-1"]
[WhiteTitle "IM"]
[BlackTitle "GM"]
[WhiteElo "2489"]
[BlackElo "2586"]
[WhiteFideId "14101572"]
[BlackFideId "14111330"]
[EventDate "2012.12.16"]

1. e4 c5 2. d3 Nc6 3. g3 g6 4. f4 Bg7 5. Bg2 d6 6. Nf3 e6 7. O-O Nge7 8. c3 O-O
9. Be3 b6 10. a4 Bb7 11. Bf2 Qd7 12. Na3 f5 13. Re1 fxe4 14. dxe4 d5 15. Ng5 d4
16. Bh3 Nd8 17. Qb3 Kh8 18. Bxe6 Nxe6 19. Qxe6 Qe8 20. cxd4 h6 21. Nf3 Bc8 22.
Qb3 Bd7 23. Nb5 Qc8 24. d5 c4 25. Qc2 Bg4 26. Nfd4 Qd7 27. d6 Nc6 28. e5 Nxd4
29. Bxd4 Qc6 30. Qf2 g5 31. e6 gxf4 32. e7 Rf5 33. Nc7 fxg3 0-1

[Event "SportAccord Blitz Women 2012"]
[Site "Beijing CHN"]
[Date "2012.12.16"]
[Round "7.7"]
[White "Hou, Yifan"]
[Black "Cmilyte, Viktorija"]
[Result "0-1"]
[WhiteTitle "GM"]
[BlackTitle "GM"]
[WhiteElo "2606"]
[BlackElo "2524"]
[WhiteFideId "8602980"]
[BlackFideId "12801259"]
[EventDate "2012.12.16"]

1. e4 c5 2. Nc3 g6 3. Nf3 Bg7 4. d4 cxd4 5. Nxd4 Nc6 6. Be3 d6 7. Bc4 Nf6 8. f3
O-O 9. Qd2 Nxd4 10. Bxd4 Be6 11. Bb3 Rc8 12. O-O-O Qa5 13. Kb1 Rfd8 14. Rhe1 b5
15. Nd5 Qxd2 16. Rxd2 Bxd5 17. exd5 Rd7 18. a4 a6 19. c3 Rb7 20. axb5 axb5 21.
Kc2 b4 22. Ba4 bxc3 23. Bxc3 Nxd5 24. Rxd5 Rxb2+ 25. Kd1 Rxc3 26. Rxe7 Bh6 27.
Ke1 Rxg2 28. Re2 Rc1+ 29. Rd1 Rg1+ 0-1

[Event "SportAccord Blitz Women 2012"]
[Site "Beijing CHN"]
[Date "2012.12.16"]
[Round "8.1"]
[White "Zhao, Xue"]
[Black "Danielian, Elina"]
[Result "1-0"]
[WhiteTitle "GM"]
[BlackTitle "GM"]
[WhiteElo "2565"]
[BlackElo "2476"]
[WhiteFideId "8601283"]
[BlackFideId "13300210"]
[EventDate "2012.12.16"]

1. c4 c5 2. Nf3 g6 3. d4 Bg7 4. d5 d6 5. e4 e6 6. Bd3 exd5 7. cxd5 Bg4 8. Qa4+
Nd7 9. Nfd2 a6 10. h3 b5 11. Qc2 c4 12. Bf1 Bh5 13. g4 Ngf6 14. Be2 Nc5 15. Nc3
O-O 16. a4 Rb8 17. axb5 axb5 18. O-O Qd7 19. Bf3 Nxg4 20. hxg4 Bxg4 21. Qd1 Bh3
22. Bg2 Rfe8 23. Re1 Bxg2 24. Kxg2 Qe7 25. Nf1 b4 26. Na4 Nd3 27. Re2 f5 28. f3
Qf6 29. Ng3 f4 30. Nf1 Qg5+ 31. Kh1 Qh4+ 32. Kg1 Qg5+ 33. Rg2 Bd4+ 34. Kh1 Qh4+
35. Nh2 Be5 36. Qf1 Rec8 37. Rb1 Kg7 38. b3 Nxc1 39. Rxc1 cxb3 40. Rb1 Rc2 41.
Rxb3 Rxg2 42. Kxg2 Qg3+ 43. Kh1 Rc8 44. Rb1 Rc2 45. Qg1 Bd4 46. Qxd4+ 1-0

[Event "SportAccord Blitz Women 2012"]
[Site "Beijing CHN"]
[Date "2012.12.16"]
[Round "8.3"]
[White "Muzychuk, Anna"]
[Black "Hou, Yifan"]
[Result "0-1"]
[WhiteTitle "GM"]
[BlackTitle "GM"]
[WhiteElo "2586"]
[BlackElo "2606"]
[WhiteFideId "14111330"]
[BlackFideId "8602980"]
[EventDate "2012.12.16"]

1. f4 d5 2. Nf3 c5 3. g3 Nc6 4. Bg2 g6 5. O-O Bg7 6. d3 d4 7. c3 Nf6 8. e4 dxe3
9. Bxe3 Qd6 10. Na3 e6 11. Nc4 Qe7 12. Nfe5 Bd7 13. Nxc6 Bxc6 14. Bxc6+ bxc6 15.
Qa4 Rc8 16. Qa5 Nd7 17. Qxa7 Rb8 18. Qc7 O-O 19. Qxc6 h5 20. a4 h4 21. a5 hxg3
22. hxg3 Rfc8 23. Qd6 Qe8 24. a6 Bf8 25. a7 Bxd6 26. Nxd6 Qd8 27. Nxc8 Rxc8 28.
Ra6 Ra8 29. Rfa1 Qc7 30. Kf2 Qb7 31. R6a2 Kf8 32. d4 Nf6 33. dxc5 Ng4+ 34. Ke2
Qe4 0-1

[Event "SportAccord Blitz Women 2012"]
[Site "Beijing CHN"]
[Date "2012.12.16"]
[Round "8.5"]
[White "Koneru, Humpy"]
[Black "Khotenashvili, Bela"]
[Result "1-0"]
[WhiteTitle "GM"]
[BlackTitle "IM"]
[WhiteElo "2610"]
[BlackElo "2504"]
[WhiteFideId "5008123"]
[BlackFideId "13602640"]
[EventDate "2012.12.16"]

1. d4 d5 2. Nf3 Nf6 3. c4 e6 4. e3 Bb4+ 5. Nbd2 O-O 6. Bd3 b6 7. O-O Bb7 8. b3
a5 9. a3 Be7 10. Bb2 Nbd7 11. cxd5 exd5 12. Ne5 Nxe5 13. dxe5 Ne8 14. Qc2 h6 15.
f4 Ba6 16. Nf3 Bxd3 17. Qxd3 f6 18. Rad1 c6 19. Nd4 Qd7 20. e6 Qc7 21. e4 dxe4
22. Qxe4 Rc8 23. f5 Nd6 24. Qg4 c5 25. Ne2 Rfd8 26. Nf4 Ne8 27. Nd5 Qb7 28. Qf3
Rb8 29. Rd3 Kf8 30. Rfd1 b5 31. h4 a4 32. bxa4 bxa4 33. Bc3 c4 34. R3d2 Bxa3 35.
Ba5 Rdc8 36. Qxa3+ Kg8 37. Ne7+ Kh8 38. Nxc8 Rxc8 39. Bc3 Qb6+ 40. Bd4 Qb3 41.
Qxb3 axb3 42. Bc3 Rc5 43. Rd8 Rxf5 44. Rxe8+ Kh7 45. e7 1-0

[Event "SportAccord Blitz Women 2012"]
[Site "Beijing CHN"]
[Date "2012.12.16"]
[Round "8.8"]
[White "Cramling, Pia"]
[Black "Lahno, Kateryna"]
[Result "1-0"]
[WhiteTitle "GM"]
[BlackTitle "GM"]
[WhiteElo "2516"]
[BlackElo "2553"]
[WhiteFideId "1700030"]
[BlackFideId "14109336"]
[EventDate "2012.12.16"]

1. d4 Nf6 2. c4 g6 3. Nc3 d5 4. Bf4 Bg7 5. Rc1 O-O 6. e3 c5 7. dxc5 Qa5 8. cxd5
Rd8 9. Bc4 Qxc5 10. Qb3 Qa5 11. Ne2 a6 12. a4 Nbd7 13. O-O Nc5 14. Qa3 Nce4 15.
b4 Qb6 16. a5 Qa7 17. Na4 Nd2 18. Rfd1 Nxc4 19. Rxc4 Rxd5 20. Rdc1 Bg4 21. Nec3
Rd3 22. Nc5 Rd2 23. h3 Bf5 24. e4 Be6 25. Bxd2 Bxc4 26. Be3 Qb8 27. N3a4 Bb5 28.
Nb6 h5 29. Nxa8 Qxa8 30. Rd1 Qc8 31. Qb3 Bc6 32. Qc4 Ne8 33. Bd4 Nd6 34. Qd3 Bf8
35. Be3 Bg7 36. Bd4 Bf8 37. Ba1 Nb5 38. Qd2 Qc7 39. Qb2 f6 40. Qb3+ Kh8 41. Qf7
Bg7 42. Ne6 1-0

[Event "SportAccord Blitz Women 2012"]
[Site "Beijing CHN"]
[Date "2012.12.17"]
[Round "9.1"]
[White "Lahno, Kateryna"]
[Black "Zhao, Xue"]
[Result "1-0"]
[WhiteTitle "GM"]
[BlackTitle "GM"]
[WhiteElo "2553"]
[BlackElo "2565"]
[WhiteFideId "14109336"]
[BlackFideId "8601283"]
[EventDate "2012.12.16"]

1. e4 e5 2. Nf3 Nc6 3. Bb5 Nf6 4. O-O Nxe4 5. d4 Nd6 6. Bxc6 dxc6 7. dxe5 Nf5 8.
Qxd8+ Kxd8 9. Rd1+ Ke8 10. Nc3 Be7 11. Ne4 Be6 12. h3 Bd5 13. Re1 Rd8 14. Bf4
Kf8 15. Rad1 h6 16. e6 Bxe6 17. Bxc7 Rxd1 18. Rxd1 Bd5 19. Re1 h5 20. Ne5 h4 21.
Nd3 Nd4 22. c3 Ne6 23. Bb8 a6 24. b3 b5 25. Nd2 Rh5 26. c4 bxc4 27. bxc4 c5 28.
cxd5 Rxd5 29. Re3 Bg5 30. Rf3 Bxd2 31. Ne5 f6 32. Nc4 Bg5 33. Ra3 Rd4 34. Nb6
Rb4 35. Rxa6 Rb1+ 36. Kh2 Kf7 37. Bd6 Rd1 38. Bb8 Rd8 39. Ba7 Bf4+ 40. g3 hxg3+
41. fxg3 Rd2+ 42. Kg1 Be3+ 43. Kf1 Nd4 44. Nc4 Rf2+ 45. Ke1 Nf3+ 46. Kd1 Bd4 47.
a4 Rg2 48. a5 Ra2 49. Rc6 Ra4 50. Nd6+ Ke6 51. Nb7+ Kd5 52. Rc8 c4 53. Rd8+ Ke4
54. Bxd4 Ra1+ 55. Kc2 Nxd4+ 56. Kb2 Rf1 57. a6 Nb5 58. Nc5+ Ke3 59. Rb8 Rf2+ 60.
Kc1 Kd4 61. Rxb5 Ra2 62. Kb1 Rg2 63. a7 c3 64. a8=Q 1-0

[Event "SportAccord Blitz Women 2012"]
[Site "Beijing CHN"]
[Date "2012.12.17"]
[Round "9.4"]
[White "Khotenashvili, Bela"]
[Black "Paehtz, Elisabeth"]
[Result "0-1"]
[WhiteTitle "IM"]
[BlackTitle "IM"]
[WhiteElo "2504"]
[BlackElo "2482"]
[WhiteFideId "13602640"]
[BlackFideId "4641833"]
[EventDate "2012.12.16"]

1. Nf3 g6 2. c4 Bg7 3. g3 d6 4. d4 Nf6 5. Bg2 O-O 6. Nc3 c6 7. O-O Qb6 8. e4 Bg4
9. h3 Bxf3 10. Bxf3 Nfd7 11. Be3 c5 12. Nd5 Qd8 13. Bg2 Nc6 14. dxc5 dxc5 15.
Qd2 Nd4 16. Bh6 e6 17. Bxg7 Kxg7 18. Ne3 Ne5 19. Rad1 Ndf3+ 0-1